Are liquidated damages payable post termination? (Record no. 82743)

MARC details
000 -LEADER
fixed length control field 00741cab a22001815a 4500
001 - CONTROL NUMBER
control field L151247
008 - FIXED-LENGTH DATA ELEMENTS--GENERAL INFORMATION
fixed length control field 101012s2010 xxka f 000 0 eng d
035 ## - SYSTEM CONTROL NUMBER
System control number (Sirsi) u151247
041 0# - LANGUAGE CODE
Language code of text/sound track or separate title eng
100 1# - MAIN ENTRY--PERSONAL NAME
Personal name Winter, Jeremy
245 00 - TITLE STATEMENT
Title Are liquidated damages payable post termination?
260 ## - PUBLICATION, DISTRIBUTION, ETC.
Date of publication, distribution, etc. 2010
490 ## - SERIES STATEMENT
Series statement Civil Engineering Surveyor
Volume/sequential designation October 2010, 38-39(2)
520 ## - SUMMARY, ETC.
Summary, etc. Looks at how the judgment in Hall v van der Heiden (2010) has cast doubt on liability for liquidated damages or general damages for any delay continuing beyond termination; compensating an employer for late completion.
651 #4 - SUBJECT ADDED ENTRY--GEOGRAPHIC NAME
Geographic name United Kingdom
Chronological subdivision
690 ## - LOCAL SUBJECT ADDED ENTRY--TOPICAL TERM (OCLC, RLIN)
Topical term or geographic name as entry element BUILT ENVIRONMENT-CONSTRUCTION MANAGEMENT-BUILDING CONTRACT ADMINISTRATION
942 ## - ADDED ENTRY ELEMENTS (KOHA)
Suppress in OPAC 0
Holdings
Withdrawn status Lost status Source of classification or shelving scheme Damaged status Not for loan Home library Current library Shelving location Date acquired Total Checkouts Full call number Barcode Date last seen Copy number Price effective from Koha item type
    Dewey Decimal Classification     London London Journal article 12/10/2010   L151247 151247-1001 06/08/2019 1 06/08/2019 Journal article